000 00559nam a2200217Ia 4500
005 20250508165058.0
008 008 250505s9999 xx 000 0 eng d
020 _a0-7974-0961-0
037 _aTextual
040 _aFEDL
_beng
_cFEDL
041 _aeng
_2eng
084 _a910.02, AHM
_qFEDL
100 _aAhmad Enayat
245 0 _aGeomorphology
260 _aNew Delhi, India
_bKalyani Publishers
_c1991
300 _axii,403p.
365 _aINR
_b65
546 _aMACESE
942 _cTEXL
_h910.02, AHM
999 _c1393030
_d1393030